000 00538nam a2200181Ia 4500
005 20250507130203.0
008 008 250505s9999 xx 000 0 eng d
037 _aSeries Article
040 _aEASL
_beng
_cEASL
041 _aeng
_2eng
084 _qEASL
100 _aLeider Jacques P.
_9668696
245 0 _aDomination and dereliction: Exploring the state's roles in Burma
260 _aUSA
_bCalifornia Association of Asian Studies U.S.A.
_c2012
650 _aHistory
942 _cSRA
999 _c1318210
_d1318210